000
00286nam a2200109 4500
008
240223b |||||||| |||| 00| 0 eng d
022
_a
13918656
245
_a
Lines-Vol. 2. no. 2 (August 2003)
260
_a
Colombo :
_b
Social students' association,
_c
2003
300
_b
74 p.
942
_c
CR
999
_c
4800
_d
4800